Пролегомены к истории понятия времени

Detaylı Bibliyografya
Yazar: Хайдеггер М. Мартин
Dil:Rusça
Baskı/Yayın Bilgisi: Томск, Водолей, 1998
Konular:
Materyal Türü: Kitap
KOHA link:https://koha.lib.tpu.ru/cgi-bin/koha/opac-detail.pl?biblionumber=29873

MARC

LEADER 00000nam0a2200000 4500
001 29873
005 20231101205934.0
010 |a 5713701026 
035 |a (RuTPU)RU\TPU\book\30139 
035 |a BOOK00000047 
090 |a 29873 
100 |a 20011209d1998 k y0rusy50 ca 
101 1 |a rus 
102 |a RU 
105 |a y z 000zy 
200 1 |a Пролегомены к истории понятия времени  |f М. Хайдеггер 
210 |a Томск  |c Водолей  |d 1998 
215 |a 383 с. 
606 1 |a Немецкая философия  |z 20 век  |2 stltpush  |3 (RuTPU)RU\TPU\subj\73672  |9 86538 
610 1 |a философия 
610 1 |a 20 век 
610 1 |a время 
610 1 |a феноменология 
610 1 |a критика 
610 1 |a бытие 
686 |a Ю3(4Г)6  |v LBC/SL-A  |2 rubbk 
700 1 |a Хайдеггер  |b М.  |c немецкий философ  |c один из основоположников экзистенциализма  |f 1889-1976  |g Мартин  |2 stltpush  |3 (RuTPU)RU\TPU\pers\486  |9 233 
801 0 |a RU  |b 63413507  |c 20011209  |g PSBO 
801 2 |a RU  |b 63413507  |c 20141128  |g PSBO 
942 |c BK